[Event "6th EUR-ch (w)"]
[Site "Chisinau MDA"]
[Date "2005.06.12"]
[Round "2"]
[White "Nill, Jessica"]
[Black "Vasilieva, Maria"]
[Result "1-0"]
[WhiteElo "2290"]
[BlackElo "2124"]
[EventDate "2005.06.10"]
[PlyCount "75"]

1.d4 d5 2.c4 e6 3.Nf3 Nf6 4.Nc3 c6 5.e3 Nbd7 6.Qc2 Be7 7.Bd3 O-O 8.O-O Qc7
9.b3 b6 10.Bb2 Bb7 11.e4 dxe4 12.Nxe4 Nxe4 13.Bxe4 Nf6 14.c5 h6 15.Rfe1 
Rad8 16.Rac1 Nd5 17.Ne5 bxc5 18.dxc5 Ba6 19.a3 Bg5 20.Rcd1 Bb7 21.g3 Nf6 
22.Bg2 Rxd1 23.Rxd1 Nd5 24.Nc4 Be7 25.Be5 Qd7 26.Qb2 f6 27.Bd6 e5 28.Bxe7 
Qxe7 29.Nd6 Ba8 30.Be4 Rd8 31.b4 Rb8 32.Qc2 Nc7 33.Qc4+ Qe6 34.Qe2 Nb5 35.
Bf5 Qe7 36.Qg4 Nd4 37.Rxd4 exd4 38.Qg6 1-0

[Event "6th EUR-ch (w)"]
[Site "Chisinau MDA"]
[Date "2005.06.12"]
[Round "2"]
[White "Schuurman, Petra"]
[Black "Kuzevanova, Evgenia"]
[Result "1-0"]
[WhiteElo "2288"]
[BlackElo "2124"]
[EventDate "2005.06.10"]
[PlyCount "237"]

1.Nf3 Nf6 2.c4 g6 3.Nc3 d5 4.Qa4+ c6 5.cxd5 Nxd5 6.e4 Nxc3 7.bxc3 Bg7 8.d4
O-O 9.Be3 Nd7 10.Rd1 Qc7 11.Bd3 e5 12.O-O Nb6 13.Qc2 Bg4 14.Be2 Rad8 15.
Nxe5 Bxe2 16.Qxe2 Bxe5 17.dxe5 Qxe5 18.Bd4 Qe6 19.Qf3 Nd7 20.Be3 Ne5 21.
Qg3 b6 22.Bf4 f6 23.h4 Kh8 24.f3 c5 25.Bxe5 Qxe5 26.Qxe5 fxe5 27.Kf2 Kg7 
28.Ke3 Kf6 29.g3 Ke6 30.f4 b5 31.Rb1 a6 32.Rfd1 h6 33.a3 c4 34.a4 Rxd1 35.
Rxd1 bxa4 36.Rd5 exf4+ 37.gxf4 Rb8 38.Rc5 Rb1 39.Rc6+ Kf7 40.Rxc4 Rh1 41.
Rc7+ Ke6 42.Rc6+ Kf7 43.Rxa6 Rh3+ 44.Kd4 Rxh4 45.Ra7+ Kf6 46.Ra6+ Kf7 47.
Ke5 Rh5+ 48.f5 gxf5 49.exf5 Rh3 50.Ra7+ Ke8 51.c4 a3 52.c5 Re3+ 53.Kf6 Rc3
54.Ke6 Re3+ 55.Kf6 Rc3 56.Kg7 Rxc5 57.Ra8+ Kd7 58.f6 Rg5+ 59.Kxh6 Rf5 60.
Kg6 Rf3 61.f7 Kc6 62.Rxa3 Rxa3 63.f8=Q Rg3+ 64.Kh5 Rd3 65.Kg4 Rd4+ 66.Kf5 
Rd5+ 67.Ke6 Rc5 68.Qe8+ Kc7 69.Qa4 Rc6+ 70.Kd5 Rd6+ 71.Kc5 Re6 72.Qa7+ Kd8
73.Kd5 Rf6 74.Qb8+ Kd7 75.Qb7+ Ke8 76.Ke5 Rf7 77.Qb8+ Kd7 78.Qd6+ Ke8 79.
Qg6 Ke7 80.Qb6 Ke8 81.Ke6 Re7+ 82.Kd6 Rd7+ 83.Kc6 Rf7 84.Qb8+ Ke7 85.Qe5+ 
Kd8 86.Qe6 Rc7+ 87.Kb6 Rb7+ 88.Ka6 Re7 89.Qd6+ Ke8 90.Kb6 Rf7 91.Kc5 Rf8 
92.Kd4 Rf7 93.Ke5 Re7+ 94.Kf6 Rf7+ 95.Kg6 Rg7+ 96.Kh6 Rd7 97.Qf6 Rf7 98.
Qc6+ Kd8 99.Kg6 Rc7 100.Qb5 Ke7 101.Qd5 Rd7 102.Qe5+ Kd8 103.Kf6 Rc7 104.
Qd5+ Rd7 105.Qe5 Rc7 106.Qd6+ Kc8 107.Qd5 Rd7 108.Qa5 Rc7 109.Ke6 Rc6+ 
110.Ke7 Rc7+ 111.Kd6 Rb7 112.Kc6 Kb8 113.Qd8+ Ka7 114.Qd4+ Kb8 115.Qh8+ 
Ka7 116.Qd8 Rb1 117.Qd7+ Ka8 118.Qd3 Rb7 119.Qa6+ 1-0

[Event "6th EUR-ch (w)"]
[Site "Chisinau MDA"]
[Date "2005.06.12"]
[Round "2"]
[White "Eidelson, Rakhil"]
[Black "Seps, Monika"]
[Result "1-0"]
[WhiteElo "2268"]
[BlackElo "2116"]
[EventDate "2005.06.10"]
[PlyCount "125"]

1.Nf3 Nf6 2.g3 b6 3.Bg2 Bb7 4.O-O e6 5.d3 c5 6.e4 d6 7.Nc3 Nbd7 8.Re1 Be7 
9.d4 cxd4 10.Nxd4 e5 11.Nf5 O-O 12.Nxd6 Bc6 13.Nf5 Bb4 14.Bd2 g6 15.Nd5 
Bc5 16.Nfe3 b5 17.b4 Bxd5 18.exd5 Bd6 19.a4 a6 20.Qe2 Qe7 21.c4 bxc4 22.
Nxc4 Bxb4 23.d6 Bxd6 24.Bxa8 Rxa8 25.Nxd6 Qxd6 26.Bg5 Re8 27.Qc4 e4 28.
Rad1 Qe5 29.Qc1 Qe6 30.Qf4 Nd5 31.Qh4 f5 32.Bf4 Nxf4 33.Qxf4 Ne5 34.Kg2 
Qc6 35.Qd2 Nd3 36.Qa2+ Kg7 37.Re3 g5 38.Kg1 f4 39.Qa1+ Kg6 40.Rexd3 exd3 
41.Qd4 f3 42.Qxd3+ Qe4 43.Qxa6+ Re6 44.Qb5 Kh5 45.h3 Kg6 46.Qb1 Qxb1 47.
Rxb1 Ra6 48.Ra1 g4 49.hxg4 Kg5 50.a5 Kxg4 51.Ra4+ Kg5 52.Kf1 Kf6 53.Ke1 
Ke6 54.Kd2 Kd6 55.Ke3 Kc5 56.Kxf3 Kb5 57.Ra1 Rf6+ 58.Kg2 Ka6 59.f4 h5 60.
Kf3 Rf8 61.Re1 h4 62.g4 Kxa5 63.Rh1 1-0

[Event "6th EUR-ch (w)"]
[Site "Chisinau MDA"]
[Date "2005.06.12"]
[Round "2"]
[White "Cicariova, Elena"]
[Black "Szczepkowska, Karina"]
[Result "1-0"]
[WhiteElo "2081"]
[BlackElo "2264"]
[EventDate "2005.06.10"]
[PlyCount "95"]

1.c4 g6 2.Nc3 Bg7 3.d4 Nf6 4.e4 d6 5.f4 O-O 6.Nf3 c5 7.dxc5 Qa5 8.Bd3 Qxc5
9.Qe2 Bg4 10.Be3 Qa5 11.O-O Nc6 12.Rac1 Nd7 13.Qf2 Bxf3 14.gxf3 Nc5 15.Bb1
Na4 16.Nd1 Rac8 17.Kh1 e6 18.a3 Qc7 19.b3 Nc5 20.Bc2 b6 21.Rg1 Qe7 22.Qd2 
Rcd8 23.b4 Nd7 24.Bb3 f5 25.Nc3 Kh8 26.Ba2 fxe4 27.fxe4 Nf6 28.Rcf1 Qb7 
29.Qg2 Ne7 30.Bb1 Nh5 31.Ne2 Qc8 32.Bd3 d5 33.cxd5 exd5 34.e5 d4 35.Bd2 
Nf5 36.Rc1 Qd7 37.Rc4 Ne3 38.Bxe3 dxe3 39.Rd4 Nxf4 40.Nxf4 Qxd4 41.Nxg6+ 
hxg6 42.Qxg6 Qd5+ 43.Be4 Qxe4+ 44.Qxe4 Rde8 45.e6 Rf6 46.Qh4+ Rh6 47.Qg3 
Rg8 48.Qxe3 1-0

[Event "6th EUR-ch (w)"]
[Site "Chisinau MDA"]
[Date "2005.06.12"]
[Round "2"]
[White "Guseva, Marina"]
[Black "Coimbra, Margarida"]
[Result "1/2-1/2"]
[WhiteElo "2264"]
[BlackElo "2098"]
[EventDate "2005.06.10"]
[PlyCount "147"]

1.d4 d5 2.c4 c6 3.Nf3 Nf6 4.Nc3 e6 5.Bg5 h6 6.Bh4 dxc4 7.e4 g5 8.Bg3 b5 9.
Be2 Bb7 10.h4 Bb4 11.O-O Bxc3 12.bxc3 Nxe4 13.Qc2 Nxg3 14.fxg3 Nd7 15.Nd2 
Qe7 16.Bh5 Rf8 17.a4 a6 18.Rab1 O-O-O 19.Bf3 Nb6 20.axb5 axb5 21.Ne4 Nd5 
22.Nc5 g4 23.Bxd5 Rxd5 24.Qf2 f5 25.Rfe1 Rf6 26.Ra1 Kb8 27.Qf4+ e5 28.Rxe5
Rxe5 29.Re1 Qc7 30.Rxe5 Bc8 31.Qe3 Rf7 32.Re8 Ka7 33.Qe1 Kb6 34.Qe3 Ka7 
35.Rh8 Re7 36.Qf2 Rh7 37.Qa2+ Kb6 38.Rxh7 Qxh7 39.Qa8 Qc7 40.Kh2 f4 41.Ne4
Bf5 42.Nc5 fxg3+ 43.Kh1 Bc8 44.Ne4 Qa7 45.Qxa7+ Kxa7 46.Nxg3 Kb6 47.Kg1 b4
48.cxb4 Kb5 49.Kf2 Kxb4 50.Ke2 c3 51.Ne4 Kb3 52.Nc5+ Kc4 53.Ke3 Bf5 54.g3 
c2 55.Kd2 Kxd4 56.Nb3+ Kc4 57.Na5+ Kb5 58.Nb3 Kb4 59.Nd4 Be4 60.Ne6 Kc4 
61.Nf4 Kb3 62.Kc1 Kc3 63.h5 Bf5 64.Ng6 Kd3 65.Ne5+ Ke4 66.Nf7 Kf3 67.Nxh6 
Be6 68.Kxc2 Kxg3 69.Kc3 Kh4 70.Nxg4 Kxg4 71.h6 Bf5 72.Kd4 Kg5 73.Kc5 Be4 
74.h7 1/2-1/2

[Event "6th EUR-ch (w)"]
[Site "Chisinau MDA"]
[Date "2005.06.12"]
[Round "2"]
[White "Grishina, Alexandra"]
[Black "Andriasian, Siranush"]
[Result "0-1"]
[WhiteElo "2065"]
[BlackElo "2263"]
[EventDate "2005.06.10"]
[PlyCount "50"]

1.Nf3 c5 2.c4 Nc6 3.g3 g6 4.Bg2 Bg7 5.Nc3 d6 6.O-O e5 7.a3 Nge7 8.Rb1 a5 
9.d3 O-O 10.e4 f5 11.Nd5 Rb8 12.Bg5 Qe8 13.Qd2 b6 14.b4 axb4 15.Nxe7+ Nxe7
16.axb4 Nc6 17.b5 Nb4 18.Nh4 f4 19.gxf4 h6 20.fxe5 hxg5 21.Qxg5 Qxe5 22.
Qxg6 Nxd3 23.Rb3 Nf4 24.Rg3 Nxg6 25.Nxg6 Qh5 0-1

[Event "6th EUR-ch (w)"]
[Site "Chisinau MDA"]
[Date "2005.06.12"]
[Round "2"]
[White "Chulivska, Vita"]
[Black "Andronic, Iulia"]
[Result "1-0"]
[WhiteElo "2262"]
[BlackElo "2085"]
[EventDate "2005.06.10"]
[PlyCount "79"]

1.e4 Nf6 2.e5 Nd5 3.d4 d6 4.Nf3 c6 5.c4 Nc7 6.Bd3 g6 7.O-O Bg7 8.Nc3 Bg4 
9.Re1 O-O 10.h3 Bxf3 11.Qxf3 Ne6 12.Qe3 dxe5 13.dxe5 Bxe5 14.Bxg6 hxg6 15.
Qxe5 Nd7 16.Qg3 Kg7 17.b3 Nd4 18.Ne4 e5 19.Bb2 f6 20.Bxd4 exd4 21.Nd6 Ne5 
22.Nxb7 Qe7 23.f4 Nf3+ 24.Qxf3 Qxb7 25.Re6 Rac8 26.f5 g5 27.Rae1 Rc7 28.
Qh5 Rcf7 29.h4 Kg8 30.hxg5 Rh7 31.Qf3 Qc7 32.g3 Rh3 33.Kg2 Qh7 34.Qg4 Rh2+
35.Kf3 fxg5 36.Qxg5+ Kh8 37.Re8 Qf7 38.R1e7 Qg8 39.Rxf8 Qxf8 40.Rd7 1-0

[Event "6th EUR-ch (w)"]
[Site "Chisinau MDA"]
[Date "2005.06.12"]
[Round "2"]
[White "Galoian, Lilit"]
[Black "Kucherenko, Olena"]
[Result "1-0"]
[WhiteElo "2256"]
[BlackElo "2079"]
[EventDate "2005.06.10"]
[PlyCount "71"]

1.d4 Nf6 2.c4 d6 3.Nc3 g6 4.g3 Bg7 5.Bg2 Nbd7 6.Nf3 O-O 7.O-O e5 8.e4 exd4
9.Nxd4 Re8 10.h3 a5 11.Re1 Nc5 12.b3 c6 13.Bf4 Nh5 14.Be3 Ne6 15.Qd2 Bd7 
16.Rad1 Qc8 17.g4 Nf6 18.Nxe6 Bxe6 19.f4 Rd8 20.f5 Bd7 21.Na4 Ra6 22.Qxd6 
Ne8 23.Qd3 c5 24.Nxc5 Rd6 25.Qc2 Bc6 26.Nd3 Qa8 27.e5 R6d7 28.Bb6 Bxg2 29.
Kxg2 Rc8 30.Nf4 Rxd1 31.Qxd1 a4 32.Qd7 axb3 33.axb3 Rc6 34.Nd5 Bf8 35.e6 
Nd6 36.e7 1-0

[Event "6th EUR-ch (w)"]
[Site "Chisinau MDA"]
[Date "2005.06.12"]
[Round "2"]
[White "Ionescu, Irina"]
[Black "Minina, Veronika"]
[Result "1-0"]
[WhiteElo "2252"]
[BlackElo "2059"]
[EventDate "2005.06.10"]
[PlyCount "113"]

1.e4 e6 2.d3 d5 3.Nd2 Nf6 4.Ngf3 Nc6 5.c3 a5 6.Be2 Bd6 7.O-O O-O 8.Qc2 e5 
9.b3 Re8 10.a3 Bg4 11.Bb2 Bc5 12.h3 Bh5 13.b4 axb4 14.axb4 Bb6 15.Rfe1 
Rxa1 16.Bxa1 Qa8 17.Nb3 Qa7 18.Rf1 d4 19.b5 Bxf3 20.Bxf3 Na5 21.Nxa5 Qxa5 
22.cxd4 exd4 23.Qc4 Nd7 24.Bxd4 Bxd4 25.Qxd4 Qxb5 26.Rc1 c5 27.Qd6 Ne5 28.
Be2 b6 29.Bf1 Qb2 30.Re1 g6 31.Qd5 Qd4 32.Qxd4 cxd4 33.Rb1 Rb8 34.Rb5 Nc6 
35.Be2 Kf8 36.Bd1 Ke7 37.Bb3 f6 38.Kf1 Na7 39.Rb4 Nc6 40.Ra4 Kd6 41.Bd5 b5
42.Ra6 Rc8 43.Ke2 Kc5 44.Bxc6 Rxc6 45.Rxc6+ Kxc6 46.Kd2 g5 47.g3 h5 48.f4 
gxf4 49.gxf4 h4 50.Kc2 Kc5 51.Kb3 Kb6 52.Kb4 Kc6 53.f5 Kd6 54.Kxb5 Ke5 55.
Kc5 Kf4 56.Kxd4 Kg3 57.e5 1-0

[Event "6th EUR-ch (w)"]
[Site "Chisinau MDA"]
[Date "2005.06.12"]
[Round "2"]
[White "Susterman, Anja"]
[Black "Paulet, Iozefina"]
[Result "1-0"]
[WhiteElo "2250"]
[BlackElo "2051"]
[EventDate "2005.06.10"]
[PlyCount "47"]

1.e4 e6 2.d4 d5 3.exd5 exd5 4.Nf3 Bg4 5.Qe2+ Qe7 6.Be3 Nd7 7.Nc3 c6 8.h3 
Bh5 9.g4 Bg6 10.O-O-O O-O-O 11.Ne5 Nb6 12.Bf4 Re8 13.a3 Qd8 14.Qf3 Bd6 15.
Qg3 Bxe5 16.Bxe5 f6 17.Bb8 Nd7 18.Bd6 Nh6 19.Nxd5 Be4 20.Bc7 cxd5 21.Bxd8 
Kxd8 22.f3 Bg6 23.Qd6 Bf7 24.Bb5 1-0

[Event "6th EUR-ch (w)"]
[Site "Chisinau MDA"]
[Date "2005.06.12"]
[Round "2"]
[White "Ionica, Iulia-Ionela"]
[Black "Apanaviciute, Kristina"]
[Result "1-0"]
[WhiteElo "2245"]
[BlackElo "2028"]
[EventDate "2005.06.10"]
[PlyCount "65"]

1.e4 e5 2.Nf3 Nf6 3.Nxe5 d6 4.Nf3 Nxe4 5.Nc3 Nf6 6.d4 Be7 7.Bd3 Bg4 8.Be3 
Nc6 9.a3 a6 10.h3 Bh5 11.O-O O-O 12.Be2 Re8 13.d5 Ne5 14.Nd4 Bxe2 15.Qxe2 
Qd7 16.f4 Ng6 17.Qd3 c5 18.Nf3 Bd8 19.Rae1 Bb6 20.Qc4 Ba7 21.a4 Rab8 22.a5
b5 23.axb6 Rxb6 24.Bc1 Reb8 25.Kh2 Rb4 26.Qxa6 Nxf4 27.Ng5 Ng6 28.Nce4 
R4b6 29.Qa3 h6 30.Nxf6+ gxf6 31.Ne4 Kg7 32.Nxf6 Qb7 33.Nh5+ 1-0

[Event "6th EUR-ch (w)"]
[Site "Chisinau MDA"]
[Date "2005.06.12"]
[Round "2"]
[White "Hamelink, Desiree"]
[Black "Talmazan, Olga"]
[Result "1-0"]
[WhiteElo "2244"]
[BlackElo "2013"]
[EventDate "2005.06.10"]
[PlyCount "125"]

1.e4 c6 2.d4 d5 3.Nd2 dxe4 4.Nxe4 Bf5 5.Ng3 Bg6 6.h4 h6 7.N1e2 Nf6 8.Nf4 
Bh7 9.c3 e6 10.Bc4 Bd6 11.Nfh5 O-O 12.Nxf6+ Qxf6 13.Nh5 Qg6 14.O-O Nd7 15.
Re1 Nf6 16.Nf4 Bxf4 17.Bxf4 Nd5 18.Bg3 Rfe8 19.Rc1 Rad8 20.a4 Nb6 21.Ba2 
Qd3 22.a5 Qxd1 23.Rexd1 Nd5 24.Bc4 Rd7 25.Be2 Red8 26.a6 Nf6 27.f3 b6 28.
Bf2 Nd5 29.Ra1 Nf4 30.Bf1 e5 31.Bg3 g5 32.Rac1 exd4 33.Bxf4 gxf4 34.Rxd4 
Rxd4 35.cxd4 Rd6 36.Be2 Bf5 37.Kf2 Bc8 38.d5 c5 39.Bc4 Bd7 40.b4 cxb4 41.
Bb3 Bb5 42.Rc7 Bxa6 43.Rxa7 b5 44.Ke2 Kg7 45.Kd3 Bc8 46.Kd4 Kf6 47.Kc5 Rd7
48.Ra2 Bb7 49.Rd2 Ke5 50.Rd4 Kf6 51.Re4 Kf5 52.Rxb4 Ke5 53.Re4+ Kf5 54.Re2
Kf6 55.d6 b4 56.Ba4 Rd8 57.d7 b3 58.Kd6 Bc8 59.Kc7 Bxd7 60.Bxd7 Ra8 61.Rb2
Ra2 62.Rxb3 Rxg2 63.Rb5 1-0

[Event "6th EUR-ch (w)"]
[Site "Chisinau MDA"]
[Date "2005.06.12"]
[Round "2"]
[White "Bensdorp, Marlies"]
[Black "Vetrila, Sanda"]
[Result "1-0"]
[WhiteElo "2232"]
[BlackElo "1911"]
[EventDate "2005.06.10"]
[PlyCount "93"]

1.d4 d5 2.c4 c6 3.Nf3 Nf6 4.Nc3 a6 5.c5 Nbd7 6.Bf4 Nh5 7.e3 g6 8.h4 Bg7 9.
Bh2 O-O 10.Be2 Nhf6 11.Ne5 Nxe5 12.Bxe5 Nd7 13.Bxg7 Kxg7 14.h5 e5 15.Qd2 
e4 16.b4 Nf6 17.Na4 Bg4 18.Nb6 Rb8 19.hxg6 hxg6 20.f3 Be6 21.Kf2 Qc7 22.a4
Nd7 23.Nxd7 Qxd7 24.Qb2 exf3 25.gxf3 Bf5 26.Rag1 Rh8 27.Qd2 Qc7 28.Qc1 
Rh2+ 29.Rg2 Rbh8 30.Rhxh2 Rxh2 31.Qg1 Rxg2+ 32.Kxg2 Qe7 33.b5 Qg5+ 34.Kf2 
Qxg1+ 35.Kxg1 a5 36.b6 Kf6 37.Kf2 Ke7 38.Ba6 Bc8 39.Bd3 f5 40.e4 dxe4 41.
fxe4 fxe4 42.Bxe4 Kf6 43.Ke3 g5 44.d5 cxd5 45.Bxd5 Ke5 46.Bg2 g4 47.c6 1-0

[Event "6th EUR-ch (w)"]
[Site "Chisinau MDA"]
[Date "2005.06.12"]
[Round "2"]
[White "Koskoska, Gabriela"]
[Black "Baciu, Diana"]
[Result "1-0"]
[WhiteElo "2230"]
[BlackElo "1870"]
[EventDate "2005.06.10"]
[PlyCount "79"]

1.e4 c5 2.Nf3 e6 3.d3 Nc6 4.g3 d6 5.Bg2 Nge7 6.c3 e5 7.O-O g6 8.Bg5 Bg7 9.
Qd2 O-O 10.Na3 Be6 11.Bh6 f6 12.Bxg7 Kxg7 13.d4 Bf7 14.d5 Nb8 15.Nc4 b5 
16.Ne3 Nd7 17.h4 h6 18.Bh3 h5 19.a4 bxa4 20.Rxa4 Nb6 21.Ra6 Qc7 22.Rfa1 
Be8 23.c4 Bd7 24.Bxd7 Qxd7 25.Qa5 Nbc8 26.b4 cxb4 27.Qxb4 Qc7 28.Qa5 Qxa5 
29.R1xa5 f5 30.Ng5 Rf6 31.Ne6+ Kg8 32.Nc7 Rb8 33.Ne8 Rf8 34.Nxd6 Nxd6 35.
Rxd6 fxe4 36.Rxa7 Rb1+ 37.Kg2 Rf7 38.Rd8+ Kg7 39.Rdd7 Kf8 40.d6 1-0

[Event "6th EUR-ch (w)"]
[Site "Chisinau MDA"]
[Date "2005.06.12"]
[Round "2"]
[White "Foisor, Mihaela-Veronica"]
[Black "Rudolf, Anna"]
[Result "0-1"]
[WhiteElo "1930"]
[BlackElo "2210"]
[EventDate "2005.06.10"]
[PlyCount "132"]

1.d4 b6 2.c4 e6 3.a3 Bb7 4.Nc3 f5 5.Nh3 Be7 6.e3 Nf6 7.f3 O-O 8.Bd3 Na6 9.
O-O c5 10.Qc2 g6 11.b3 Nh5 12.Ne2 Rc8 13.Bb2 Bf6 14.Rac1 Qe7 15.Qd2 Bg7 
16.e4 cxd4 17.Nxd4 Nc5 18.Bc2 fxe4 19.fxe4 Nxe4 20.Bxe4 Bxe4 21.Nb5 Bxb2 
22.Qxb2 Qc5+ 23.Qd4 Qxd4+ 24.Nxd4 a6 25.Ng5 Bb7 26.Ngf3 Nf4 27.Rcd1 Rce8 
28.Rd2 d6 29.Ne2 d5 30.Ne5 Nxe2+ 31.Rxe2 Rxf1+ 32.Kxf1 Re7 33.Ke1 Rc7 34.
Kd2 b5 35.cxb5 axb5 36.Re3 Kg7 37.Rc3 Re7 38.Ke3 d4+ 39.Kxd4 Bxg2 40.a4 
bxa4 41.bxa4 Ra7 42.Ra3 Ra5 43.Nc4 Rh5 44.a5 Rxh2 45.a6 Rh4+ 46.Kc5 Rf4 
47.a7 Rf8 48.Nb6 h5 49.a8=Q Bxa8 50.Nxa8 Kf6 51.Rf3+ Ke7 52.Ra3 g5 53.Nb6 
Rf4 54.Nc4 g4 55.Ne5 Kf6 56.Re3 h4 57.Nd3 Ra4 58.Nf2 g3 59.Nh3 Kf5 60.Ng1 
Re4 61.Rf3+ Rf4 62.Rd3 Rf1 63.Nf3 Rxf3 64.Rxf3+ Kg4 65.Ra3 g2 66.Ra1 h3 
0-1

[Event "6th EUR-ch (w)"]
[Site "Chisinau MDA"]
[Date "2005.06.12"]
[Round "2"]
[White "Iurascu, Mihaela"]
[Black "Baskite, Viktoria"]
[Result "0-1"]
[WhiteElo "1906"]
[BlackElo "2205"]
[EventDate "2005.06.10"]
[PlyCount "160"]

1.c4 e5 2.Nc3 Nc6 3.g3 g6 4.Bg2 Bg7 5.d3 d6 6.e4 h5 7.Nge2 Be6 8.O-O h4 9.
Nd5 Qd7 10.f3 hxg3 11.hxg3 Nce7 12.Be3 c6 13.Nxe7 Nxe7 14.Rc1 c5 15.Qd2 
Nc6 16.Nc3 Nd4 17.Nd5 Bxd5 18.cxd5 Ke7 19.Rfe1 Rh7 20.Bxd4 exd4 21.f4 Qg4 
22.Qf2 Rah8 23.b4 b6 24.bxc5 dxc5 25.e5 Rh2 26.d6+ Kd7 27.Rf1 Kd8 28.Qf3 
Qxf3 29.Rxf3 Kd7 30.a4 f6 31.Re1 R2h5 32.g4 Rh4 33.g5 fxe5 34.fxe5 Ke6 35.
Kf1 Rf8 36.Rxf8 Bxf8 37.Bb7 Rf4+ 38.Kg2 Kd7 39.Kg3 Rf5 40.Kg4 c4 41.Ba6 c3
42.Bb5+ Kd8 43.Bc4 c2 44.Bb3 Rxe5 45.Rf1 Rf5 46.Re1 Bxd6 47.Bxc2 Be7 48.
Re4 Rxg5+ 49.Kf4 Rf5+ 50.Kg4 Bc5 51.Bb3 Rf6 52.Re6 Rxe6 53.Bxe6 Ke7 54.Bc4
Kf6 55.Bb5 Bb4 56.Bc4 Bd2 57.Bb5 Ke5 58.Bc4 Kd6 59.Ba6 Kc5 60.Bc4 Kb4 61.
Bb5 Ka5 62.Be8 a6 63.Kf3 g5 64.Ke2 Be3 65.Bd7 Kb4 66.Kd1 Kb3 67.Bc8 Kxa4 
68.Bxa6 g4 69.Kc2 g3 70.Bb7 Ka3 71.Bd5 b5 72.Kb1 b4 73.Kc2 b3+ 74.Kb1 Bd2 
75.Be4 Kb4 76.Kb2 Bc3+ 77.Kb1 Kc5 78.Bf3 Kd6 79.Be4 Ke5 80.Kc1 Kf4 0-1

[Event "6th EUR-ch (w)"]
[Site "Chisinau MDA"]
[Date "2005.06.13"]
[Round "3"]
[White "Kosintseva, Tatiana"]
[Black "Bojkovic, Natasa"]
[Result "1/2-1/2"]
[WhiteElo "2486"]
[BlackElo "2371"]
[EventDate "2005.06.10"]
[PlyCount "65"]

1.e4 c5 2.Nf3 e6 3.d4 cxd4 4.Nxd4 a6 5.Bd3 Nf6 6.O-O Qc7 7.Qe2 d6 8.c4 g6 
9.Nc3 Bg7 10.Rd1 O-O 11.Nf3 Nc6 12.h3 Nd7 13.Bf4 Nde5 14.Rac1 b6 15.Bb1 
Nxf3+ 16.Qxf3 Ne5 17.Qg3 Bb7 18.b3 Rab8 19.Be3 Ba8 20.Bd4 Rfd8 21.Kh1 Qe7 
22.f4 Nd7 23.Bxg7 Kxg7 24.f5 Nf6 25.Re1 Nh5 26.Qg4 Re8 27.Rf1 exf5 28.exf5
Qe3 29.Kh2 Qe5+ 30.Kg1 Qe3+ 31.Kh2 Qe5+ 32.Kg1 Qe3+ 33.Kh2 1/2-1/2

[Event "6th EUR-ch (w)"]
[Site "Chisinau MDA"]
[Date "2005.06.13"]
[Round "3"]
[White "Stepovaya, Tatiana"]
[Black "Cmilyte, Viktorija"]
[Result "0-1"]
[WhiteElo "2348"]
[BlackElo "2459"]
[EventDate "2005.06.10"]
[PlyCount "78"]

1.e4 c5 2.Nf3 Nc6 3.Nc3 e5 4.Bc4 d6 5.d3 Be7 6.O-O Nf6 7.Ng5 O-O 8.f4 Bg4 
9.Qe1 exf4 10.Bxf4 Nd4 11.Qd2 Qd7 12.Be3 Be6 13.Nd5 Bxd5 14.Bxd5 Nxd5 15.
exd5 Bxg5 16.Bxg5 Rae8 17.Rf2 Re5 18.c3 Qg4 19.cxd4 Rxg5 20.h3 Qg3 21.Qf4 
Qxf4 22.Rxf4 Rxd5 23.Re1 g5 24.Rfe4 f5 25.Re7 Rf7 26.dxc5 dxc5 27.R1e5 
Rxe5 28.Rxe5 b6 29.d4 cxd4 30.Rd5 Kg7 31.Rxd4 Kf6 32.a4 Ke5 33.Rb4 Rd7 34.
a5 bxa5 35.Rb5+ Rd5 36.Rb7 Kf4 37.Kh2 h5 38.Rxa7 h4 39.Rc7 Ke5 0-1

[Event "6th EUR-ch (w)"]
[Site "Chisinau MDA"]
[Date "2005.06.13"]
[Round "3"]
[White "Petrenko, Svetlana"]
[Black "Javakhishvili, Lela"]
[Result "1/2-1/2"]
[WhiteElo "2348"]
[BlackElo "2430"]
[EventDate "2005.06.10"]
[PlyCount "34"]

1.e4 c5 2.Nf3 Nc6 3.d4 cxd4 4.Nxd4 Qc7 5.Nc3 e6 6.Be3 a6 7.Qd2 Nf6 8.O-O-O
Bb4 9.f3 Ne5 10.Qe1 O-O 11.g4 d5 12.g5 Bxc3 13.Qxc3 Qxc3 14.bxc3 Nh5 15.
exd5 exd5 16.Kb1 Bd7 17.Be2 Ng6 1/2-1/2

[Event "6th EUR-ch (w)"]
[Site "Chisinau MDA"]
[Date "2005.06.13"]
[Round "3"]
[White "Matveeva, Svetlana"]
[Black "Zozulia, Anna"]
[Result "1/2-1/2"]
[WhiteElo "2423"]
[BlackElo "2343"]
[EventDate "2005.06.10"]
[PlyCount "135"]

1.d4 Nf6 2.c4 g6 3.Nf3 Bg7 4.g3 O-O 5.Bg2 d6 6.Nc3 c6 7.O-O Qa5 8.e4 Qh5 
9.e5 dxe5 10.Nxe5 Qxd1 11.Rxd1 Rd8 12.h3 Nfd7 13.Nf3 Na6 14.Be3 Nb6 15.b3 
Nc7 16.Rac1 h5 17.Ne5 Bf5 18.f4 Nd7 19.Na4 Nxe5 20.dxe5 Rxd1+ 21.Rxd1 Ne6 
22.h4 Kf8 23.Kh2 Ke8 24.Rd2 f6 25.exf6 exf6 26.Bh3 Bxh3 27.Kxh3 Bf8 28.f5 
gxf5 29.Rf2 Rd8 30.Rxf5 Rd3 31.Bxa7 Bd6 32.Bf2 Nf4+ 33.Kh2 Ne2 34.Rxf6 Ke7
35.Rg6 Kf7 36.Rg5 Rd2 37.Kg2 Rxa2 38.Kf3 Nc1 39.Nc5 Rxf2+ 40.Kxf2 Bxc5+ 
41.Kg2 Nxb3 42.Rxh5 Bd4 43.Kf3 Bf6 44.Ke3 Kg6 45.g4 b6 46.Rf5 Bxh4 47.Rf8 
Bg5+ 48.Kd3 Nc5+ 49.Kc3 Nd7 50.Rc8 Ne5 51.Kb3 Be3 52.Rg8+ Kf7 53.Rc8 Ke7 
54.Rg8 Nf7 55.Rc8 Kd6 56.Rg8 Kc5 57.Re8 Bd4 58.Rf8 Nd6 59.g5 Bg7 60.Rf4 b5
61.cxb5 cxb5 62.Rf1 Kd5 63.Kb4 Ke6 64.Rd1 Ne4 65.Rd8 Nxg5 66.Rg8 Bf6 67.
Rxg5 Bxg5 68.Kxb5 1/2-1/2

[Event "6th EUR-ch (w)"]
[Site "Chisinau MDA"]
[Date "2005.06.13"]
[Round "3"]
[White "Vasilevich, Irina"]
[Black "Khurtsidze, Nino"]
[Result "1/2-1/2"]
[WhiteElo "2347"]
[BlackElo "2418"]
[EventDate "2005.06.10"]
[PlyCount "70"]

1.e4 c5 2.Nf3 e6 3.d4 cxd4 4.Nxd4 a6 5.Bd3 Qb6 6.Nb3 Qc7 7.O-O Nf6 8.Nc3 
d6 9.a4 b6 10.Qe2 Bb7 11.f4 Nbd7 12.Bd2 Be7 13.Rae1 O-O 14.Kh1 e5 15.fxe5 
Nxe5 16.Nd4 Rfe8 17.Bg5 Nfd7 18.Bxe7 Rxe7 19.Qf2 g6 20.Qg3 Kh8 21.Re3 Qd8 
22.Qh4 Re8 23.Qf4 Qe7 24.Rh3 f6 25.Qh4 Qg7 26.Rg3 Qf7 27.Be2 Rac8 28.Rh3 
Re7 29.Bd3 Rce8 30.Nde2 Nc4 31.Nf4 Nd2 32.Qh6 Nxf1 33.Nxg6+ Kg8 34.Nxe7+ 
Rxe7 35.Bxf1 Bxe4 1/2-1/2

[Event "6th EUR-ch (w)"]
[Site "Chisinau MDA"]
[Date "2005.06.13"]
[Round "3"]
[White "Pahtz, Elisabeth"]
[Black "Grabuzova, Tatiana"]
[Result "1/2-1/2"]
[WhiteElo "2407"]
[BlackElo "2327"]
[EventDate "2005.06.10"]
[PlyCount "35"]

1.e4 c6 2.d4 d5 3.Nc3 dxe4 4.Nxe4 Bf5 5.Nc5 b6 6.Nb3 e6 7.Nf3 Nf6 8.g3 a5 
9.Bg2 a4 10.Nbd2 a3 11.O-O axb2 12.Bxb2 Ba3 13.Bxa3 Rxa3 14.Nc4 Ra4 15.Nb2
Ra3 16.Nc4 Ra4 17.Nb2 Ra3 18.Nc4 1/2-1/2

[Event "6th EUR-ch (w)"]
[Site "Chisinau MDA"]
[Date "2005.06.13"]
[Round "3"]
[White "Mkrtchian, Lilit"]
[Black "Velikhanli, Firuza"]
[Result "1-0"]
[WhiteElo "2400"]
[BlackElo "2303"]
[EventDate "2005.06.10"]
[PlyCount "99"]

1.Nf3 Nf6 2.g3 g6 3.Bg2 Bg7 4.c4 O-O 5.O-O d5 6.cxd5 Nxd5 7.d4 c6 8.e4 Nf6
9.Nc3 Na6 10.h3 Nc7 11.Be3 Be6 12.Qc2 Bc4 13.Rfd1 Ba6 14.b4 Nb5 15.Nxb5 
cxb5 16.Ne5 Nd7 17.Rac1 Nb6 18.Bf1 Rc8 19.Qb3 Rxc1 20.Rxc1 e6 21.Qc3 f6 
22.Nd3 Na4 23.Qc7 Qe8 24.Qd6 Rf7 25.Nf4 e5 26.Qe6 Qxe6 27.Nxe6 Rd7 28.d5 
f5 29.f3 fxe4 30.fxe4 Bf6 31.Bxa7 Be7 32.a3 b6 33.Rc7 Rxc7 34.Nxc7 Bc8 35.
Nxb5 Kf7 36.Bb8 Kf6 37.Bc7 Bd7 38.Kf2 h5 39.h4 Bf8 40.Bd3 Bh6 41.Nd6 Nb2 
42.Be2 Ke7 43.Nb5 Nd1+ 44.Bxd1 Bxb5 45.Bxb6 Bc1 46.a4 Bd3 47.Kf3 Bd2 48.b5
Kd6 49.Be2 Bc2 50.a5 1-0

[Event "6th EUR-ch (w)"]
[Site "Chisinau MDA"]
[Date "2005.06.13"]
[Round "3"]
[White "Shumiakina, Tatiana"]
[Black "Klinova, Masha"]
[Result "1/2-1/2"]
[WhiteElo "2316"]
[BlackElo "2391"]
[EventDate "2005.06.10"]
[PlyCount "30"]

1.d4 d6 2.Nf3 g6 3.c4 Nf6 4.g3 Bg7 5.Bg2 O-O 6.O-O Nc6 7.Nc3 Bf5 8.d5 Na5 
9.Nd4 Bd7 10.b3 c5 11.Nc2 a6 12.Rb1 Rb8 13.e4 b5 14.Ne3 Ng4 15.Nxg4 Bxg4 
1/2-1/2

[Event "6th EUR-ch (w)"]
[Site "Chisinau MDA"]
[Date "2005.06.13"]
[Round "3"]
[White "Kostiuk, Tatiana"]
[Black "Hagarova, Zuzana"]
[Result "1/2-1/2"]
[WhiteElo "2313"]
[BlackElo "2386"]
[EventDate "2005.06.10"]
[PlyCount "81"]

1.d4 Nf6 2.Nf3 e6 3.c4 c5 4.d5 d6 5.Nc3 exd5 6.cxd5 g6 7.e4 Bg7 8.Be2 O-O 
9.O-O Re8 10.Nd2 Nbd7 11.a4 a6 12.Qc2 Qc7 13.f4 Rb8 14.Ra3 c4 15.a5 b5 16.
axb6 Nxb6 17.Kh1 Qc5 18.Na4 Nxa4 19.Rxa4 Ng4 20.Bxg4 Bxg4 21.Rxc4 Qb5 22.
Nf3 f5 23.Re1 fxe4 24.Rcxe4 Rxe4 25.Qxe4 Bf5 26.Qe2 Qxe2 27.Rxe2 Rc8 28.
Be3 Bg4 29.h3 Bxf3 30.gxf3 Rb8 31.Bc1 Rb5 32.Rd2 Rc5 33.Rd1 Kf7 34.b3 Ke7 
35.Ba3 Ra5 36.Bc1 Kd7 37.Be3 Ra3 38.Rb1 Ra5 39.Rd1 Ra3 40.Rb1 Ra2 41.Rd1 
1/2-1/2